Statistics for TS Trainer - Taylor Swift

Click here to take the quiz!

General Stats

  • This quiz has been taken 80 times
  • The average score is 10 of 12

Answer Stats

HintAnswer% Correct
1Tim McGraw
97%
2Teardrops On My Guitar
94%
11Our Song
93%
3Picture to Burn
89%
4A Place In This World
80%
10Mary's Song
77%
5Cold As You
76%
9Should've Said No
75%
6The Outside
75%
7Tied Together With A Smile
73%
8Stay Beautiful
68%
12I'm Only Me When I'm With You
59%

Score Distribution

Percentile by Number Answered

Percent of People with Each Score

Your Score History

You have not taken this quiz